Pokémon - Les attaques de Pondralugon - Statistiques

Statistiques générales
  • Ce quiz a été pris 10 fois
  • Le résultat moyen est 10 sur 14
Statistiques - réponses
Niveaux Types Noms des attaques % Correct
Niveau 48 Dragon Draco-Griffe
100%
Niveau 24 Dragon Abattage
86%
Départ Acier Griffe Acier
86%
Niveau 54 Acier Luminocanon
86%
Niveau 36 Acier Mur de Fer
86%
Niveau 18 Acier Strido-Son
86%
Niveau 60 Normal Ultralaser
86%
Niveau 60 Acier Fulmifer
71%
Niveau 30 Dragon Draco-Queue
57%
Niveau 6 Combat Éclate-Roc
57%
Évolution Électrique Fulgurayon
57%
Départ Normal Groz'Yeux
57%
Niveau 12 Ténèbres Aiguisage
29%
Niveau 42 Normal Puissance
14%
Aucun quiz correspondant
Distribution des résultats
% des personnes avec chaque résultat
Percentile par nombre de réponses
Votre historique - résultats
Vous n’avez pas pris ce quiz